| 000 | 01095nam a22002537a 4500 | ||
|---|---|---|---|
| 005 | 20170124102945.0 | ||
| 010 | _aA-923178 | ||
| 020 | _c100.00 | ||
| 035 | _aA-923178 | ||
| 037 | _bCen Lib/Ret | ||
| 040 |
_aDPL _bHN |
||
| 082 |
_a824 _bदुबेश्या |
||
| 100 |
_aदुबे, श्यामसुंदर _943083 |
||
| 245 |
_aविषद बांसुरी की टेर / _cश्यामसुंदर दुबे |
||
| 246 |
_aVishad bansuri ki ter / _bby Shyamsunder Dubey |
||
| 260 |
_aनयी दिल्ली _bप्रतिभा प्रकाशन _c1985 |
||
| 270 |
_bनयी दिल्ली _aदाख्निराए सत्रीत, नेताजी सुभाष मार्ग _e110002 |
||
| 300 |
_a115पृ. _c19सेमी(सजिल्द) |
||
| 650 |
_aहिंदी साहित्य _949661 |
||
| 650 |
_aहिंदी निबंध _949662 |
||
| 650 |
_aHindi literature _949663 |
||
| 650 |
_aHindi essays _949664 |
||
| 942 |
_2ddc _cHN _h824 _mदुबेश्या |
||
| 999 |
_c112901 _d112901 |
||